Tratado elemental de filosofía para uso de las clases
Saved in:
| Hovedforfatter: | |
|---|---|
| Format: | Bog |
| Sprog: | spansk |
| Udgivet: |
Barcelona
Luis Gili
1917
|
| Fag: | |
| Tags: |
Tilføj Tag
Ingen Tags, Vær først til at tagge denne postø!
|
MARC
| LEADER | 00000nam a2200000 a 4500 | ||
|---|---|---|---|
| 001 | UCU2192 | ||
| 003 | CL-VaPUC | ||
| 008 | 960419e19170000SP |||||||||||||||||spa|d | ||
| 082 | 0 | 4 | |a 102 |b MER |2 21 |
| 100 | |a Mercier, Désiré Joseph |e autor |9 583058 | ||
| 245 | 1 | 0 | |a Tratado elemental de filosofía para uso de las clases |
| 300 | |a v | ||
| 942 | |c BK | ||
| 945 | |d 19960419 00:00:00 |a rleighto | ||
| 260 | |a Barcelona |b Luis Gili |c 1917 | ||
| 500 | |a v.2: Metafisica. teodicea y lógica | ||
| 650 | 0 | |a Filosofía |9 223554 | |
| 650 | 0 | |a Metafísica |9 265649 | |
| 650 | 7 | |a SER |2 CL-VaPUC |9 320176 | |
| 650 | 0 | |a Verdad |9 313815 | |
| 650 | 0 | |a Teodicea |9 315235 | |
| 650 | 0 | |a Existencia de Dios |9 266954 | |
| 650 | 0 | |a Lógica |9 256849 | |
| 583 | |a last modification |c 19960419 00:00:00 |k Rodrigo Vera | ||
| 999 | |c 246565 |d 246563 | ||
| 952 | |0 0 |1 0 |4 0 |6 102_000000000000000_MER_1917 |7 0 |8 P |9 261646 |a BIBEDU |b BIBEDU |c BIBEDU_PB |d 2019-11-19 |h v.2 |i 3168689 |o 102 MER 1917 |p 3168689 |r 2024-01-25 |w 2019-11-19 |y BK |k FIL | ||